Pays avec le mot "et" - Statistiques

Statistiques générales
  • Ce quiz a été pris 12 501 fois
  • Le résultat moyen est 7 sur 10
Statistiques - réponses
Part Mot Réponse % Correct
Tobago et Trinité
78%
Trinité et Tobago
76%
Barbuda et Antigua
73%
Niévès et Saint Christophe
67%
Antigua et Barbuda
66%
Les Grenadines et Saint Vincent
66%
Principe et São Tomé
66%
Sao Tomé et Principe
64%
Saint Vincent et Les Grenadines
62%
Saint Christophe et Niévès
61%
Aucun quiz correspondant
Distribution des résultats
% des personnes avec chaque résultat
Percentile par nombre de réponses
Votre historique - résultats
Vous n’avez pas pris ce quiz